000 00256nam a22001097a 4500
082 _a621 SCH'T
100 _aSCHENCK, H
_959412
245 _aTHEORIES OF ENGINEERING EXPERIMENTATION
260 _aNEWYORK
_bMCGRAW HILL
_c1961
300 _a230P
942 _cBK
999 _c569404
_d569404